00689nam a2200181 i 450000100060000000300090000600500170001500700030003200800410003510000570007624501010013325000120023426000820024630000220032885200210035099900170037195201190038854787ES-MaACL20250802013156.0t|040114s1926 sp |||| | spa d1 aGabriel y Galán, José María,d1870-190595315810aObras completas. n2, pReligiosas. Campesinas. Fragmentos / cJosé María Gabriel y Galán. a8ª ed. aMadrid : bLibrería y Editorial Madrid, c1926 (fSucesores de Rivadeneyra) a406 p. ; c19 cm. aES-MaACLjB-4045 c54787d54787 00104070aATENEOMbATENEOMcSPBd2008-01-17eSCl0oB-4045p1057569r2023-02-23 00:00:00w2023-02-23yMONOGRAFIA